[Event "Campodarsego op-B 17th"]
[Site "Campodarsego"]
[Date "2006.01.21"]
[Round "3"]
[White "Lucich, Gianni"]
[Black "Liekocaj, Ivan"]
[Result "1-0"]
[WhiteElo "1550"]
[BlackElo "1700"]
[PlyCount "111"]
[EventDate "2006.01.20"]
[EventType "swiss"]
[EventRounds "5"]
[EventCountry "ITA"]
[SourceTitle "EXT 2011"]
[Source "ChessBase"]
[SourceDate "2010.11.26"]
[SourceVersion "1"]
[SourceVersionDate "2010.11.26"]
[SourceQuality "1"]

1. d4 Nf6 2. c4 e6 3. Nf3 c5 4. d5 exd5 5. cxd5 d6 6. Nc3 a6 7. e4 Be7 8. Be2 0-0 9. a4 Nbd7 10. 0-0 Re8 11. Qc2 h6 12. Re1 Nh7 13. Bd3 Ng5 14. Nd2 Ne5 15. f4 Nxd3 16. Qxd3 Nh7 17. Nc4 Bd7 18. a5 Bb5 19. Nxb5 axb5 20. Nb6 c4 21. Qc3 Nf8 22. Nxa8 Qxa8 23. Be3 Nd7 24. Bd4 f6 25. Qg3 Qb8 26. a6 bxa6 27. Rxa6 Nc5 28. Bxc5 dxc5 29. e5 fxe5 30. fxe5 Bg5 31. h4 Qb7 32. Rea1 Qxd5 33. hxg5 hxg5 34. Qxg5 Rxe5 35. Ra8+ Kh7 36. Qd8 Qd4+ 37. Qxd4 cxd4 38. Rd8 d3 39. Rb8 Re2 40. Rxb5 Rc2 41. Kf1 d2 42. Ke2 Rc1 43. Rd5 Rxa1 44. Rxd2 Ra2 45. Ke3 Ra4 46. Kd4 Kg6 47. Rc2 Kf5 48. Rxc4 Ra1 49. b4 Rd1+ 50. Kc5 g5 51. b5 g4 52. b6 Rb1 53. Kc6 g3 54. b7 Ke5 55. Kc7 Kd5 56. Rc2 1-0